| 000 | 00465nam a22001337a 4500 | ||
|---|---|---|---|
| 003 | SGT | ||
| 082 |
_a617.84 _bE22Y |
||
| 100 | _aYADAV, GEETA | ||
| 245 | _aEFFECT OF HAMSTRING RELEASE AND NEURAL MOBILIZATION ON IMPROVING WALKING CAPABILITY AND PHYSICAL ACTIVITY ASSOCIATED WITH INTERMITTENT NEUROLOGICAL CLAUDICATION IN PATIENTS WITH LUMBAR SPINAL STENOSIS | ||
| 260 |
_aGURUGRAM _bSGT UNIVERSITY _c2022 |
||
| 300 | _a116 | ||
| 650 | _aNUEROLOGY | ||
| 942 |
_2ddc _cTH |
||
| 999 |
_c32172 _d32172 |
||